<?xml version="1.0" encoding="UTF-8"?><?xml-stylesheet type="text/xsl" href="static/style.xsl"?><OAI-PMH xmlns="http://www.openarchives.org/OAI/2.0/" xmlns:xsi="http://www.w3.org/2001/XMLSchema-instance" xsi:schemaLocation="http://www.openarchives.org/OAI/2.0/ http://www.openarchives.org/OAI/2.0/OAI-PMH.xsd"><responseDate>2026-04-17T05:47:11Z</responseDate><request verb="GetRecord" identifier="oai:www.recercat.cat:10230/60930" metadataPrefix="marc">https://recercat.cat/oai/request</request><GetRecord><record><header><identifier>oai:recercat.cat:10230/60930</identifier><datestamp>2025-12-25T19:58:25Z</datestamp><setSpec>com_2072_6</setSpec><setSpec>col_2072_452954</setSpec></header><metadata><record xmlns="http://www.loc.gov/MARC21/slim" xmlns:dcterms="http://purl.org/dc/terms/" xmlns:xsi="http://www.w3.org/2001/XMLSchema-instance" xmlns:doc="http://www.lyncode.com/xoai" xsi:schemaLocation="http://www.loc.gov/MARC21/slim http://www.loc.gov/standards/marcxml/schema/MARC21slim.xsd">
   <leader>00925njm 22002777a 4500</leader>
   <datafield ind2=" " ind1=" " tag="042">
      <subfield code="a">dc</subfield>
   </datafield>
   <datafield ind2=" " ind1=" " tag="720">
      <subfield code="a">Campo, Ugo</subfield>
      <subfield code="e">author</subfield>
   </datafield>
   <datafield ind2=" " ind1=" " tag="720">
      <subfield code="a">Medrano, Diego</subfield>
      <subfield code="e">author</subfield>
   </datafield>
   <datafield ind2=" " ind1=" " tag="260">
      <subfield code="c">2024-08-27T11:26:19Z</subfield>
   </datafield>
   <datafield ind2=" " ind1=" " tag="260">
      <subfield code="c">2024-08-27T11:26:19Z</subfield>
   </datafield>
   <datafield ind2=" " ind1=" " tag="260">
      <subfield code="c">2024-06</subfield>
   </datafield>
   <datafield ind2=" " ind1=" " tag="520">
      <subfield code="a">Treball fi de màster de: Master&amp;apos;s Degree in Economics and Finance. Finance Programme. Curs 2023-2024</subfield>
   </datafield>
   <datafield ind2=" " ind1=" " tag="520">
      <subfield code="a">Director: Filippo Ippolito</subfield>
   </datafield>
   <datafield ind2=" " ind1=" " tag="520">
      <subfield code="a">This dissertation examines the empirical pricing of geopolitical risk in financial markets, focusing on its impact on portfolio returns. By integrating the Geopolitical Risk (GPR) index into the Fama-French Five-Factor Model and employing Long Short-Term Memory (LSTM) networks to extract geopolitical shocks, the study finds that geopolitical risks significantly influence portfolio returns. Daily shocks typically result in negative risk premiums due to short-term market overreactions, while monthly assessments show positive premiums, indicating a balanced market response. These insights enhance finance literature and offer portfolio management and policy formulation implications.</subfield>
   </datafield>
   <datafield ind2=" " ind1=" " tag="520">
      <subfield code="a">Esta disertación examina la valoración empírica del riesgo geopolítico en los mercados financieros, enfocándose en su impacto en los rendimientos de las carteras. Al integrar el índice de Riesgo Geopolítico (GPR) en el modelo de cinco factores de Fama-French y emplear redes de memoria a largo plazo (LSTM) para extraer choques geopolíticos, el estudio encuentra que los riesgos geopolíticos influyen significativamente en los rendimientos. Los choques diarios generalmente resultan en primas de riesgo negativas debido a reacciones de mercado a corto plazo, mientras que las evaluaciones mensuales muestran primas positivas, indicando una respuesta más equilibrada del mercado. Estos hallazgos aportan nuevos conocimientos a la literatura financiera y ofrecen implicaciones para la gestión de carteras y la formulación de políticas.</subfield>
   </datafield>
   <datafield tag="653" ind2=" " ind1=" ">
      <subfield code="a">Treball de fi de màster – Curs 2023-2024</subfield>
   </datafield>
   <datafield tag="653" ind2=" " ind1=" ">
      <subfield code="a">Geopolitical risk</subfield>
   </datafield>
   <datafield tag="653" ind2=" " ind1=" ">
      <subfield code="a">Asset pricing</subfield>
   </datafield>
   <datafield tag="653" ind2=" " ind1=" ">
      <subfield code="a">Machine learning</subfield>
   </datafield>
   <datafield tag="653" ind2=" " ind1=" ">
      <subfield code="a">Riesgo geopolítico</subfield>
   </datafield>
   <datafield tag="653" ind2=" " ind1=" ">
      <subfield code="a">Valoración de activos financieros</subfield>
   </datafield>
   <datafield tag="653" ind2=" " ind1=" ">
      <subfield code="a">Aprendizaje automático</subfield>
   </datafield>
   <datafield ind2="0" ind1="0" tag="245">
      <subfield code="a">Empirical pricing of geopolitical risk in financial markets: understanding market responses</subfield>
   </datafield>
</record></metadata></record></GetRecord></OAI-PMH>